| 000 | 00533nam a2200145Ia 4500 | ||
|---|---|---|---|
| 008 | 151213s9999 xx 000 0 und d | ||
| 100 | _aমো: আবুল কালাম আজাদ | ||
| 245 |
_aইকুইটি ও ট্রাস্ট আইন। _cমো: আবুল কালাম আজাদ |
||
| 260 |
_aঢাকা _bআদর্শ ’ল’ বুক হাউস _c1988 |
||
| 300 | _a5094 p. | ||
| 650 | _aLaw | ||
| 650 | _aLaw | ||
| 700 | _aমো: আবুল কালাম আজাদ | ||
| 999 |
_c3144 _d3144 |
||